000 00306nam a22000977a 4500
008 150626b xxu||||| |||| 00| 0 eng d
010 _8SCCRApln.F20B
245 _aSUPREME COURT CRIMINAL APPLICATION NO.02 OF 2015 Imere Deo Vs Uganda
260 _aSupreme Court Kampala
500 _3RULING: Hon. Arach - Amoko JSC
999 _c6938
_d6938